| 000 | 00940nam a2200253 i 4500 | ||
|---|---|---|---|
| 001 | 175397 | ||
| 003 | ES-MaACL | ||
| 005 | 20251218174604.0 | ||
| 007 | t| | ||
| 008 | 101026s1973 sp o r ||||1| spa d | ||
| 020 | _a84-369-0266-1 | ||
| 080 | _a75 Delapuente, Fernando | ||
| 080 | _a929 Delapuente, Fernando | ||
| 100 | 1 |
_aVázquez-Dodero, José Luis. _9113438 |
|
| 245 | 1 | 0 |
_aDelapuente / _cJosé Luis Vázquez-Dodero. |
| 260 |
_a[Madrid : _bServicio de Publicaciones del Ministerio de Educación y Ciencia, Secretaría General Técnica, _c1973] |
||
| 300 |
_a65 p. : _bfot. col. y n. ; _c17 cm. |
||
| 490 | 1 |
_aArtistas españoles contemporáneos. Pintores ; _v57 |
|
| 600 | 1 | 4 |
_aDelapuente, Fernando. _9143730 |
| 710 | 1 |
_aEspaña. _bMinisterio de Educación y Ciencia. _93864 |
|
| 830 | 0 |
_aArtistas españoles contemporáneos. Pintores _v57 _9189664 |
|
| 852 |
_aES-MaACL _j2261-F-57 _xOlim P-1916 |
||
| 999 |
_c175397 _d175397 |
||